ბათუმის შოთა რუსთაველის სახელმწიფო უნივერსიტეტის ბიბლიოთეკა

გველების ქარავნები : (ბიბ.ჩანაწერი № 41526)

000 -ლიდერი
ფიქსირებული სიგრძის საკონტროლო ველი 00896nam a2200217Ia 4500
001 - საკონტროლო ნომერი
საკონტროლო ველი 8193
003 - საკონტროლო ნომრის იდენტიფიკატორი
საკონტროლო ველი GE_BSU
005 - ბოლო ოპერაციის თარიღი და დრო
საკონტროლო ველი 20221005124152.0
008 - ფიქსირებული სიგრძის მონაცემთა ელემენტები - ზოგადი ინფორმაცია
ფიქსირებული სიგრძის საკონტროლო ველი 181216s1934ge xx |||||||||||||| ||geo||
040 ## - კატალოგიზაციის წყარო
Transcribing agency GE_BSU
041 ## - ენის კოდი
Language code of text/sound track or separate title geo
080 ## - უნივერსალური ათობითი კლასიფიკაციის ინდექსი
Universal Decimal Classification number 821.353.1-32 ე-77
100 ## - მთავარი ჩანაწერი - პიროვნების სახელი
Personal name ერთაწმინდელი, სეზმან.
9 (RLIN) 15057
245 ## - ცნობა სათაურის შესახებ
Title გველების ქარავნები :
Remainder of title მოთხრობები /
Statement of responsibility, etc სეზმან ერთაწმინდელი, რედ. ი.მჭედლიშვილი
264 ## - წარმოების, გამოცემის, დისტრიბუციის და სხვა ცნობები
გამოცემის, წარმოების, დისტრიბუციის... ადგილი ტბილისი :
გამოცემის, წარმოების, დისტრიბუციის... სახელწოდება ფედერაცია,
გამოცემის, წარმოების, დისტრიბუციის... თარიღი 1934.
300 ## - ფიზიკური აღწერა
Extent 213 გვ;
Dimensions 19 სმ.
653 ## - INDEX TERM--UNCONTROLLED
Uncontrolled term გველების ქარავნები
653 ## - INDEX TERM--UNCONTROLLED
Uncontrolled term მოთხრობები
700 ## - ADDED ENTRY--PERSONAL NAME
Personal name მჭედლიშვილი, ი
Relator term რედაქტორი
9 (RLIN) 4853
942 ## - ADDED ENTRY ELEMENTS (KOHA)
Koha item type წიგნი
Source of classification or shelving scheme
ეგზემპლარები
ჩამოწერის სტატუსი დაკარგული ეგზემპლარის სტატუსი კლასიფიკაციის წყარო ან თაროზე გაწყობის სქემა დაზიანების სტატუსი არ გაიცემა მუდმივი მდებარეობა (დაცვის ადგილი) ამჟამინდელი ადგილსამყოფელი თაროზე განთავსების ადგილი შეძენის თარიღი ღირებულება, შესყიდვის ნორმალური ფასი სრული შენახვის შიფრი შტრიხკოდი ბოლო ოპერაციის თარიღი ეგზემპლარის მიმდევრობითი ნომერი (კეტერი?) ფასის ძალაში შესვლის თარიღი ეგზემპლარის სახეობა საჯარო შენიშვნა
          ბათუმის შოთა რუსთაველის სახელმწიფო უნივერსიტეტის მთავარი ბიბლიოთეკა ბათუმის შოთა რუსთაველის სახელმწიფო უნივერსიტეტის მთავარი ბიბლიოთეკა წიგნსაცავი 2018-12-17 0.45 821.353.1-32 ე-77 25138 2018-12-17 25138 2018-12-17 წიგნი 0.45თ.
          ბათუმის შოთა რუსთაველის სახელმწიფო უნივერსიტეტის მთავარი ბიბლიოთეკა ბათუმის შოთა რუსთაველის სახელმწიფო უნივერსიტეტის მთავარი ბიბლიოთეკა წიგნსაცავი 2018-12-17 0.45 821.353.1-32 ე-77 25139 2018-12-17 25139 2018-12-17 წიგნი 0.45თ.
          ბათუმის შოთა რუსთაველის სახელმწიფო უნივერსიტეტის მთავარი ბიბლიოთეკა ბათუმის შოთა რუსთაველის სახელმწიფო უნივერსიტეტის მთავარი ბიბლიოთეკა წიგნსაცავი 2018-12-17 0.45 821.353.1-32 ე-77 25140 2018-12-17 25140 2018-12-17 წიგნი 0.45თ.
          ბათუმის შოთა რუსთაველის სახელმწიფო უნივერსიტეტის მთავარი ბიბლიოთეკა ბათუმის შოთა რუსთაველის სახელმწიფო უნივერსიტეტის მთავარი ბიბლიოთეკა წიგნსაცავი 2018-12-17 0.45 821.353.1-32 ე-77 25141 2018-12-17 25141 2018-12-17 წიგნი 0.45თ.
          ბათუმის შოთა რუსთაველის სახელმწიფო უნივერსიტეტის მთავარი ბიბლიოთეკა ბათუმის შოთა რუსთაველის სახელმწიფო უნივერსიტეტის მთავარი ბიბლიოთეკა წიგნსაცავი 2018-12-17 0.45 821.353.1-32 ე-77 30339 2018-12-17 30339 2018-12-17 წიგნი 0.45თ